| 000 | 00762nam a22002417a 4500 | ||
|---|---|---|---|
| 005 | 20100812134217.0 | ||
| 010 | _aENG-99838 | ||
| 020 |
_a9789380024882 _c110.00 |
||
| 035 | _aEN-83370 | ||
| 037 | _bDBAD/PUB | ||
| 082 | _a004.6 | ||
| 100 |
_aChandrakala,N. _915412 |
||
| 245 |
_aComputer networks / _c by N.Chandrakala |
||
| 260 |
_aErode _bPallavi Publications _c2009 |
||
| 270 |
_bErode _a194,Kanna Complex,Mettur Road _e11 |
||
| 300 |
_a121p. _c20cm (pbk) |
||
| 650 |
_aComputer networks _915413 |
||
| 700 | _910603 | ||
| 700 | _911537 | ||
| 700 | _910604 | ||
| 942 |
_2ddc _cEN _h004.6 _mCHA |
||
| 999 |
_c41345 _d41345 |
||